Wird geladen...
അഗ്നിശലഭങ്ങള് /
| 1. Verfasser: | |
|---|---|
| Weitere Verfasser: | |
| Format: | Printed Book |
| Sprache: | English |
| Veröffentlicht: |
കണ്ണൂര് :
കൈരളി ബുക്സ്,
2009.
|
| Ausgabe: | 1st ed. |
| Schlagworte: |
| LEADER | 00678nam a22001817a 4500 | ||
|---|---|---|---|
| 008 | 141128b xxu||||| |||| 00| 0 eng d | ||
| 082 | |a 894.11 DIV | ||
| 100 | |a ദിവാകരന്, ഒ. | ||
| 240 | |a Agnisalabhangal | ||
| 245 | |a അഗ്നിശലഭങ്ങള് / |c ഒ. ദിവാകരന് | ||
| 250 | |a 1st ed. | ||
| 260 | |a കണ്ണൂര് : |b കൈരളി ബുക്സ്, |c 2009. | ||
| 300 | |a 80p. | ||
| 650 | |a Poems | ||
| 700 | |a Divakaran, O. | ||
| 942 | |2 ddc |c BK | ||
| 999 | |c 8507 |d 8507 | ||
| 952 | |0 0 |1 0 |2 ddc |4 0 |6 894_110000000000000_DIV |7 0 |9 12209 |a MAIN |b MAIN |d 2014-11-28 |e Kairali Books |g 60.00 |o 894.11 DIV |p 12412 |r 2014-11-28 |t 1 |w 2014-11-28 |y BK | ||